|
|
|
|
| LEADER |
00894nam a2200241 a 4500 |
| 001 |
13098004 |
| 008 |
101110s2003 maua b 001 0 eng d |
| 010 |
|
|
|a 2003043686
|
| 020 |
|
|
|a 0321112547 (alk. paper)
|
| 040 |
|
|
|a DLC
|c DLC
|d DLC
|d BD-DhAAL
|
| 082 |
0 |
0 |
|a 005.13/3
|2 21
|
| 100 |
1 |
|
|a Mertz, David.
|
| 245 |
0 |
0 |
|a Text processing in Python /
|c David Mertz.
|
| 260 |
|
|
|a Boston, MA :
|b Addison-Wesley,
|c c2003
|
| 300 |
|
|
|a xix, 520 p. ;
|c 24 cm.
|
| 504 |
|
|
|a Includes bibliographical references (p. xvii-xix) and index.
|
| 541 |
1 |
|
|e 00009731
|
| 650 |
|
0 |
|a Text processing (Computer science)
|
| 650 |
|
0 |
|a Python (Computer program language)
|
| 852 |
4 |
|
|a Ayesha Abed library
|j General Shelf.
|
| 942 |
0 |
0 |
|0 1
|
| 999 |
|
|
|c 10093
|d 10093
|
| 952 |
|
|
|0 0
|1 0
|2 ddc
|4 0
|6 005_133000000000000_MER
|7 0
|9 13312
|a BRACUL
|b BRACUL
|c GEN
|d 2010-11-27
|l 23
|m 199
|o 005.133 MER
|p 3010009731
|r 2024-06-30
|s 2024-02-05
|t 1
|w 2010-11-27
|y BK
|